000 00644nam a2200217Ii 4500
003 JO-AjNU
008 230605s9999||||xx |||||||||||||| ||und||
017 _a2003/9/2062
040 _aJO-AjNU
_bara
_erda
_cJO-AjNU
041 _aara
050 1 4 _aBP161.2 2003
100 3 _aابو يحيى، محمد يوسف وآخرون,
_eauthor
_941143
245 0 0 _aنظام الإسلام
250 _aط4
264 3 1 _aعمان: شركة طارق، 2003
300 _a240ص
336 _atext
_btxt
_2rdacontent
337 _aunmediated
_bn
_2rdamedia
338 _avolume
_bnc
_2rdacarrier
650 4 _aالنظام في الاسلام
_941144
999 _aA17518
_c21086
_d21086